Diccionario marxista de economía política /
Guardat en:
| Autor principal: | |
|---|---|
| Altres autors: | , |
| Format: | Text |
| Publicat: |
México, D.C.:
Ediciones Cultura Popular
|
| Etiquetes: |
Afegir etiqueta
Sense etiquetes, Sigues el primer a etiquetar aquest registre!
|
MARC
| LEADER | 00000 a a2200000 04500 | ||
|---|---|---|---|
| 001 | 25727 | ||
| 003 | |||
| 040 | |||
| 090 | |a 182500 |b REFERENCIA | ||
| 100 | |a Libman, G.I. | ||
| 245 | |a Diccionario marxista de economía política / |c G.I. Libman | ||
| 260 | |a México, D.C.: |b Ediciones Cultura Popular | ||
| 300 | |a 260 p. | ||
| 700 | |a Pánchenko, V.I. | ||
| 700 | |a Tarunin, A. F | ||
| 999 | |c 8555 |d 8555 | ||
